[Event "Ruhrgebiet Verbandsliga Gruppe 1 1819"]
[Site "Nordrheinwestfalen"]
[Date "2019.03.24"]
[Round "8.7"]
[White "Huestegge, Ulrich"]
[Black "Hochstein, Udo"]
[Result "1-0"]
[WhiteElo "1826"]
[BlackElo "1893"]
[PlyCount "117"]
[EventDate "2018.09.23"]
[EventType "team-tourn"]
[EventRounds "9"]
[EventCountry "GER"]
[SourceTitle "EXT 2022"]
[Source "ChessBase"]
[SourceDate "2021.10.06"]
[SourceVersion "1"]
[SourceVersionDate "2021.10.06"]
[SourceQuality "1"]
[WhiteTeam "Bottrop SV"]
[BlackTeam "Bochum-Linden"]
[WhiteTeamCountry "GER"]
[BlackTeamCountry "GER"]

1. c4 Nf6 2. Nc3 g6 3. g3 Bg7 4. Bg2 0-0 5. e4 d6 6. Nge2 c5 7. 0-0 Nc6 8. d3 Ne8 9. f4 Nc7 10. f5 Ne5 11. h3 Rb8 12. Be3 Bd7 13. Qd2 b5 14. b3 b4 15. Nd5 Nxd5 16. cxd5 Bb5 17. Nf4 a5 18. Rad1 a4 19. Rf2 axb3 20. axb3 Bd7 21. g4 Ra8 22. Ne2 Qb8 23. d4 cxd4 24. Nxd4 Ra3 25. g5 Rc8 26. f6 Bf8 27. Qe1 Rc7 28. h4 Ng4 29. Rf3 Ra2 30. Bd2 Rb7 31. Bh3 exf6 32. gxf6 Ne5 33. Rg3 Bxh3 34. Rxh3 Qd8 35. Qf1 h5 36. Rg3 Kh7 37. Rg5 Qd7 38. Nf3 Ng4 39. e5 dxe5 40. Qd3 Kg8 41. Rxg6+ Kh8 42. Rg5 Bc5+ 43. Kf1 Nxf6 44. Nxe5 Qd6 45. Qf5 Qa6+ 46. Nc4 Ra1 47. Bc1 Be3 48. Rxh5+ Nxh5 49. Qxh5+ Kg8 50. Bxe3 Qf6+ 51. Ke2 Rxd1 52. Kxd1 Qa1+ 53. Ke2 Rb5 54. Qg4+ Kf8 55. Bh6+ Ke7 56. d6+ Kd8 57. Qg8+ Kd7 58. Qxf7+ Kc6 59. Qe8+ 1-0

[Event "Ruhrgebiet Verbandsliga Gruppe 1 1819"]
[Site "Nordrheinwestfalen"]
[Date "2019.02.03"]
[Round "6.7"]
[White "Starp, Klaus"]
[Black "Hochstein, Udo"]
[Result "0-1"]
[WhiteElo "1906"]
[BlackElo "1893"]
[PlyCount "102"]
[EventDate "2018.09.23"]
[EventType "team-tourn"]
[EventRounds "9"]
[EventCountry "GER"]
[SourceTitle "EXT 2022"]
[Source "ChessBase"]
[SourceDate "2021.10.06"]
[SourceVersion "1"]
[SourceVersionDate "2021.10.06"]
[SourceQuality "1"]
[WhiteTeam "Ahlen SV"]
[BlackTeam "Bochum-Linden"]
[WhiteTeamCountry "GER"]
[BlackTeamCountry "GER"]

1. e4 c5 2. Nf3 e6 3. d4 cxd4 4. Nxd4 Nf6 5. Nc3 d6 6. Be2 Be7 7. 0-0 0-0 8. Be3 a6 9. a4 Nc6 10. Nb3 b6 11. f4 Rb8 12. Bf3 Qc7 13. Qe2 Na5 14. Nd2 Nd7 15. g4 Bf6 16. Ra3 Be7 17. Raa1 Bb7 18. g5 Rfc8 19. Qf2 Nc4 20. Nxc4 Qxc4 21. Rfd1 Qc6 22. Rd2 Re8 23. Ne2 Nc5 24. Bxc5 bxc5 25. Kg2 Qc7 26. Rad1 Bc6 27. b3 Rb4 28. Qe3 Qb7 29. Ng3 c4 30. Rd4 cxb3 31. Rxb4 Qxb4 32. cxb3 Rb8 33. Rd3 Qb7 34. h4 a5 35. f5 Qb6 36. Qxb6 Rxb6 37. Kf2 Kf8 38. Ke3 Ke8 39. Ne2 h6 40. Kf4 hxg5+ 41. hxg5 Rb4 42. fxe6 fxe6 43. Ng3 d5 44. Re3 Bc5 45. Rc3 Bd6+ 46. Kg4 Kd7 47. Re3 g6 48. Nf1 dxe4 49. Bd1 Bc5 50. Rh3 e3+ 51. Kg3 Bd6# 0-1

[Event "Ruhrgebiet Verbandsliga Gruppe 1 1819"]
[Site "Nordrheinwestfalen"]
[Date "2019.01.20"]
[Round "5.6"]
[White "Klaus, Michael"]
[Black "Hochstein, Udo"]
[Result "1/2-1/2"]
[WhiteElo "1854"]
[BlackElo "1893"]
[PlyCount "60"]
[EventDate "2018.09.23"]
[EventType "team-tourn"]
[EventRounds "9"]
[EventCountry "GER"]
[SourceTitle "EXT 2022"]
[Source "ChessBase"]
[SourceDate "2021.10.06"]
[SourceVersion "1"]
[SourceVersionDate "2021.10.06"]
[SourceQuality "1"]
[WhiteTeam "Hamm Koenigsspringer"]
[BlackTeam "Bochum-Linden"]
[WhiteTeamCountry "GER"]
[BlackTeamCountry "GER"]

1. d4 Nf6 2. Nf3 g6 3. c4 Bg7 4. Nc3 0-0 5. g3 d6 6. Bg2 c6 7. 0-0 Qa5 8. a3 Qh5 9. Qc2 Bh3 10. Bg5 Nbd7 11. Rad1 h6 12. Bxf6 Nxf6 13. Qd3 Rfd8 14. Nh4 Bxg2 15. Kxg2 d5 16. Nf3 Rac8 17. h3 dxc4 18. Qxc4 Qa5 19. Qb3 Qc7 20. e3 e6 21. Rc1 Qe7 22. Qa4 a6 23. Qa5 c5 24. dxc5 Rxc5 25. Qb4 Bf8 26. Qa4 Rdc8 27. Ne2 Nd5 28. Rxc5 Rxc5 29. b4 Rc4 30. Qb3 Qc7 1/2-1/2

[Event "Ruhrgebiet Verbandsklasse Gruppe 3 1718"]
[Site "Germany"]
[Date "2018.04.29"]
[Round "9.6"]
[White "Hochstein, Udo"]
[Black "Schmidt, Christian"]
[Result "1-0"]
[WhiteElo "1896"]
[BlackElo "1691"]
[PlyCount "157"]
[EventDate "2017.09.17"]
[EventType "team-tourn"]
[EventRounds "9"]
[EventCountry "GER"]
[SourceTitle "EXT 2022"]
[Source "ChessBase"]
[SourceDate "2021.10.06"]
[SourceVersion "1"]
[SourceVersionDate "2021.10.06"]
[SourceQuality "1"]
[WhiteTeam "Bochum-Linden"]
[BlackTeam "Hervest Dorsten"]
[WhiteTeamCountry "GER"]
[BlackTeamCountry "GER"]

1. d4 Nf6 2. c4 c5 3. d5 b5 4. cxb5 a6 5. bxa6 g6 6. b3 d6 7. Bb2 Bg7 8. g3 Nbd7 9. Bg2 Bxa6 10. Nh3 0-0 11. 0-0 Nb6 12. Nf4 Qc7 13. h4 Rfb8 14. Bc3 c4 15. b4 Bb5 16. Bd4 Na4 17. Nc3 Nxc3 18. Bxc3 Ra3 19. Bb2 Ra4 20. Qd2 Rba8 21. Bc3 Ra3 22. Rfc1 Qa7 23. Bf3 Nd7 24. Bxg7 Kxg7 25. Rc2 Ne5 26. Kg2 Bd7 27. Be4 Ng4 28. e3 Ne5 29. h5 Qb6 30. Ne2 f5 31. Bf3 Ba4 32. Rcc1 Bb3 33. h6+ Kf7 34. Nd4 Rxa2 35. Rxa2 Rxa2 36. Qc3 Ra3 37. Rf1 Ra4 38. b5 Qa5 39. Qxa5 Rxa5 40. Rb1 Nd7 41. Nxb3 cxb3 42. Rxb3 Nb6 43. e4 Kf6 44. Rb4 Ra4 45. Rxa4 Nxa4 46. Bd1 Nb6 47. f3 fxe4 48. fxe4 Kg5 49. Kf3 Kxh6 50. Kf4 Kg7 51. g4 Kf6 52. g5+ Kg7 53. Bf3 Kf7 54. e5 Ke8 55. e6 Na4 56. Ke3 Kd8 57. Kd4 Kc7 58. Bd1 Nc5 59. Be2 Kb6 60. Bf1 Nb3+ 61. Kc3 Nc5 62. Kd4 Kc7 63. Be2 Kd8 64. Bf1 Ke8 65. Be2 Kf8 66. Bf3 Na4 67. Kc4 Kg7 68. Kb4 Nc5 69. b6 h6 70. gxh6+ Kxh6 71. Kb5 g5 72. Kc6 Kg6 73. b7 Na6 74. Kd7 Kf6 75. Kc8 Ke5 76. b8Q Nxb8 77. Kxb8 g4 78. Bh1 g3 79. Kc7 1-0

[Event "Ruhrgebiet Verbandsliga 1415 Aufstieg"]
[Site "Germany"]
[Date "2015.05.31"]
[Round "1.5"]
[White "Ter Steeg, Marcus"]
[Black "Hochstein, Udo"]
[Result "0-1"]
[WhiteElo "2080"]
[BlackElo "1899"]
[PlyCount "176"]
[EventDate "2015.05.31"]
[EventType "team-match"]
[EventRounds "1"]
[EventCountry "GER"]
[SourceTitle "EXT 2022"]
[Source "ChessBase"]
[SourceDate "2021.10.06"]
[SourceVersion "1"]
[SourceVersionDate "2021.10.06"]
[SourceQuality "1"]
[WhiteTeam "Essen Werden"]
[BlackTeam "Bochum-Linden"]
[WhiteTeamCountry "GER"]
[BlackTeamCountry "GER"]

1. d4 Nf6 2. c4 g6 3. Nc3 Bg7 4. e4 d6 5. Nf3 0-0 6. Be2 e5 7. 0-0 Na6 8. Be3 Qe8 9. Qc2 Ng4 10. Bg5 exd4 11. Nb5 d3 12. Bxd3 Bd7 13. Rad1 Ne5 14. Nxe5 Qxe5 15. Bc1 Rfe8 16. a3 c6 17. Nc3 Nc7 18. Qd2 Rad8 19. Qe3 b6 20. Qf3 Ne6 21. Rfe1 Bc8 22. Bf1 h5 23. g3 Nd4 24. Qd3 Bg4 25. Bf4 Qe7 26. Be2 Nxe2+ 27. Nxe2 Qxe4 28. Qxe4 Rxe4 29. Nc3 Rxc4 30. Rxd6 Rxd6 31. Bxd6 Bxc3 32. Re8+ Kh7 33. bxc3 Rxc3 34. f4 Rc2 35. Re7 Be6 36. Rxa7 b5 37. Be5 g5 38. fxg5 Kg6 39. h4 Kf5 40. Bd6 Ke4 41. Re7 Kd5 42. Bb8 Ra2 43. Ra7 c5 44. Ra6 Bf5 45. Rd6+ Kc4 46. Rc6 Kd5 47. Rf6 Bg6 48. Rf3 b4 49. axb4 cxb4 50. Re3 Kc4 51. Be5 Rc2 52. Rf3 b3 53. Rf2 Kd3 54. Rf3+ Ke4 55. Rxb3 Kxe5 56. Rf3 Rd2 57. Rf4 Bf5 58. Rf1 Be6 59. Rf3 Bd5 60. Re3+ Kf5 61. Kf1 Kg4 62. Ke1 Rd4 63. Kf2 Rb4 64. Re5 Be4 65. Re7 Bg6 66. Re3 Rb2+ 67. Kf1 Rd2 68. Ra3 Rd3 69. Ra4+ Kxg3 70. Ke2 Rf3 71. Ra1 Rf4 72. Rg1+ Kxh4 73. Ke3 Rg4 74. Rh1+ Kxg5 75. Kf2 h4 76. Rh3 Rf4+ 77. Kg1 Kg4 78. Rh2 Rf3 79. Rb2 Bd3 80. Kh2 f5 81. Rb4+ Be4 82. Kg1 Kg3 83. Rb2 h3 84. Rg2+ Kf4 85. Rb2 Rg3+ 86. Kf1 Rg2 87. Rb4 Ra2 88. Rb3 h2 0-1

[Event "Ruhrgebiet Verbandsliga Gruppe 1 1415"]
[Site "Germany"]
[Date "2015.02.08"]
[Round "6"]
[White "Hochstein, Udo"]
[Black "Stremmel, Ralf"]
[Result "1/2-1/2"]
[WhiteElo "1910"]
[BlackElo "2051"]
[PlyCount "55"]
[EventDate "2014.09.21"]
[EventType "team-tourn"]
[EventRounds "9"]
[EventCountry "GER"]
[SourceTitle "EXT 2022"]
[Source "ChessBase"]
[SourceDate "2021.10.06"]
[SourceVersion "1"]
[SourceVersionDate "2021.10.06"]
[SourceQuality "1"]
[WhiteTeam "Bochum-Linden"]
[BlackTeam "Katernberg SF III"]
[WhiteTeamCountry "GER"]
[BlackTeamCountry "GER"]

1. d4 Nf6 2. c4 e6 3. Nc3 Bb4 4. f3 c5 5. d5 Nh5 6. g3 f5 7. Nh3 0-0 8. Bg2 d6 9. 0-0 e5 10. Bg5 Nf6 11. e4 Bxc3 12. bxc3 h6 13. Bxf6 Qxf6 14. exf5 Bxf5 15. Nf2 Nd7 16. Ne4 Qg6 17. Qe2 Rf7 18. a4 Raf8 19. a5 Bxe4 20. fxe4 Rxf1+ 21. Rxf1 Rxf1+ 22. Bxf1 Nf6 23. Bg2 Qg4 24. Bf3 Qg5 25. Qe1 Ng4 26. Bxg4 Qxg4 27. Kf2 Qg6 28. Ke3 1/2-1/2

[Event "Ruhrgebiet Verbandsliga1 1213"]
[Site "Nordrheinwestfalen"]
[Date "2013.02.03"]
[Round "6.8"]
[White "Hochstein, Udo"]
[Black "Pickardt, Dominik"]
[Result "1-0"]
[WhiteElo "1905"]
[BlackElo "1666"]
[PlyCount "47"]
[EventDate "2012.09.02"]
[EventType "team-tourn"]
[EventRounds "9"]
[EventCountry "GER"]
[SourceTitle "EXT 2020"]
[Source "ChessBase"]
[SourceDate "2019.10.17"]
[SourceVersion "1"]
[SourceVersionDate "2019.10.17"]
[SourceQuality "1"]
[WhiteTeam "Bochum-Linden-Dahlhausen"]
[BlackTeam "Oberhausen SV III"]
[WhiteTeamCountry "GER"]
[BlackTeamCountry "GER"]

1. d4 Nf6 2. c4 g6 3. Nc3 d5 4. cxd5 Nxd5 5. e4 Nxc3 6. bxc3 Bg7 7. Nf3 c5 8. Rb1 0-0 9. Qd2 cxd4 10. cxd4 Nc6 11. d5 Ne5 12. Nxe5 Bxe5 13. f4 Bg7 14. Be2 Qc7 15. 0-0 Qc5+ 16. Kh1 Rd8 17. Rb5 Qd6 18. e5 Qd7 19. Rd1 a6 20. Rb6 Qa4 21. Bf3 Rb8 22. Qb2 Qc4 23. Be3 Bh6 24. Rb4 1-0

[Event "Ruhrgebiet Verbandsliga1 1213"]
[Site "Nordrheinwestfalen"]
[Date "2013.01.13"]
[Round "5.7"]
[White "Hochstein, Udo"]
[Black "Ebert, Manfred"]
[Result "1/2-1/2"]
[WhiteElo "1905"]
[BlackElo "1896"]
[PlyCount "52"]
[EventDate "2012.09.02"]
[EventType "team-tourn"]
[EventRounds "9"]
[EventCountry "GER"]
[SourceTitle "EXT 2020"]
[Source "ChessBase"]
[SourceDate "2019.10.17"]
[SourceVersion "1"]
[SourceVersionDate "2019.10.17"]
[SourceQuality "1"]
[WhiteTeam "Bochum-Linden-Dahlhausen"]
[BlackTeam "Buer SF"]
[WhiteTeamCountry "GER"]
[BlackTeamCountry "GER"]

1. d4 Nf6 2. c4 g6 3. Nc3 Bg7 4. e4 d6 5. f4 0-0 6. Nf3 c6 7. Be2 a6 8. a4 a5 9. 0-0 Na6 10. h3 Nd7 11. Be3 e5 12. fxe5 dxe5 13. d5 f5 14. dxc6 bxc6 15. Qd6 Rf6 16. Qd2 f4 17. Bf2 Qc7 18. Rad1 h6 19. g3 g5 20. Nh2 Bf8 21. Bg4 Rd6 22. Qe2 Nf6 23. gxf4 Nxg4 24. Nxg4 Bxg4 25. Qxg4 exf4 26. h4 Qc8 1/2-1/2

[Event "Ruhrgebiet Verbandsliga1 1213"]
[Site "Nordrheinwestfalen"]
[Date "2012.10.28"]
[Round "3"]
[White "Hochstein, Udo"]
[Black "Pothmann, Malte"]
[Result "1/2-1/2"]
[WhiteElo "1905"]
[BlackElo "1991"]
[PlyCount "69"]
[EventDate "2012.09.02"]
[EventType "team-tourn"]
[EventRounds "9"]
[EventCountry "GER"]
[SourceTitle "EXT 2020"]
[Source "ChessBase"]
[SourceDate "2019.10.17"]
[SourceVersion "1"]
[SourceVersionDate "2019.10.17"]
[SourceQuality "1"]
[WhiteTeam "Bochum-Linden-Dahlhausen"]
[BlackTeam "Hamm SVg"]
[WhiteTeamCountry "GER"]
[BlackTeamCountry "GER"]

1. d4 d5 2. c4 Nf6 3. Nc3 e6 4. cxd5 exd5 5. Bg5 c6 6. Qc2 Nbd7 7. e3 Bd6 8. Bd3 h6 9. Bh4 0-0 10. Nge2 Re8 11. 0-0-0 b5 12. Kb1 Nb6 13. h3 Bd7 14. e4 dxe4 15. Nxe4 Be7 16. Nc5 Nfd5 17. Bxe7 Rxe7 18. a3 Qc7 19. Qd2 Rae8 20. g4 Na4 21. Rc1 Nxc5 22. Rxc5 Qd6 23. Ng3 Nf4 24. Bf5 Ne2 25. Nxe2 Bxf5+ 26. Rxf5 Rxe2 27. Qc3 R2e4 28. Rd1 Rf4 29. Rxf4 Qxf4 30. Qxc6 Re2 31. f3 Rd2 32. Rxd2 Qxd2 33. Qc8+ Kh7 34. Qf5+ Kg8 35. Qc8+ 1/2-1/2

[Event "Ruhrgebiet Verbandsliga1 1112"]
[Site "Nordrheinwestfalen"]
[Date "2011.12.11"]
[Round "4.6"]
[White "Mueller, Falk"]
[Black "Hochstein, Udo"]
[Result "1-0"]
[WhiteElo "1990"]
[BlackElo "1918"]
[PlyCount "73"]
[EventDate "2012.09.18"]
[EventType "team-tourn"]
[EventRounds "9"]
[EventCountry "GER"]
[SourceTitle "EXT 2020"]
[Source "ChessBase"]
[SourceDate "2019.10.17"]
[SourceVersion "1"]
[SourceVersionDate "2019.10.17"]
[SourceQuality "1"]
[WhiteTeam "Gerthe Werne"]
[BlackTeam "Bochum-Linden-Dahlhausen"]
[WhiteTeamCountry "GER"]
[BlackTeamCountry "GER"]

1. e4 c5 2. Nf3 e6 3. d4 cxd4 4. Nxd4 Nf6 5. Nc3 d6 6. Be3 Be7 7. Be2 a6 8. Qd2 0-0 9. g4 Nc6 10. g5 Nd7 11. h4 Nxd4 12. Bxd4 b5 13. a3 Bb7 14. Rg1 Nb6 15. Qe3 Nc4 16. Bxc4 bxc4 17. f4 Qc7 18. f5 exf5 19. exf5 Rfe8 20. 0-0-0 Bf8 21. Qf2 Be4 22. h5 Rab8 23. Nxe4 Rxe4 24. Qf3 Qb7 25. Qc3 d5 26. h6 g6 27. fxg6 fxg6 28. Rgf1 Bd6 29. Rde1 Rbe8 30. Rxe4 Rxe4 31. Kb1 Qc7 32. Bb6 Qe7 33. Bd8 Qe5 34. Qa5 c3 35. Bf6 Re1+ 36. Ka2 Rxf1 37. Bxe5 1-0

[Event "Ruhrgebiet Verbandsliga1 1112"]
[Site "Nordrheinwestfalen"]
[Date "2011.11.13"]
[Round "3.5"]
[White "Hochstein, Udo"]
[Black "Renk, Christoph"]
[Result "1/2-1/2"]
[WhiteElo "1918"]
[BlackElo "1980"]
[PlyCount "63"]
[EventDate "2012.09.18"]
[EventType "team-tourn"]
[EventRounds "9"]
[EventCountry "GER"]
[SourceTitle "EXT 2020"]
[Source "ChessBase"]
[SourceDate "2019.10.17"]
[SourceVersion "1"]
[SourceVersionDate "2019.10.17"]
[SourceQuality "1"]
[WhiteTeam "Bochum-Linden-Dahlhausen"]
[BlackTeam "Buer SF"]
[WhiteTeamCountry "GER"]
[BlackTeamCountry "GER"]

1. d4 Nf6 2. c4 e6 3. Nc3 Bb4 4. f3 c5 5. d5 b5 6. e4 bxc4 7. Bxc4 Bb7 8. Nge2 exd5 9. exd5 0-0 10. 0-0 h6 11. Ng3 Bxc3 12. bxc3 Ne8 13. Ne4 d6 14. Bb3 Bc8 15. c4 Bf5 16. Ng3 Bg6 17. Bb2 Nd7 18. f4 Nef6 19. Bc2 Bxc2 20. Qxc2 Rb8 21. Rae1 Re8 22. Nf5 Rb6 23. Qc3 Kh7 24. Rxe8 Qxe8 25. Re1 Qf8 26. Re2 g6 27. Nh4 Rb8 28. Qd3 Re8 29. Nf3 Rxe2 30. Qxe2 Qe8 31. Qxe8 Nxe8 32. Kf2 1/2-1/2

[Event "Ruhrgebiet VL2 0910"]
[Site "Germany"]
[Date "2009.12.06"]
[Round "4.5"]
[White "Hochstein, Udo"]
[Black "Schmitz, Martin"]
[Result "1/2-1/2"]
[WhiteElo "1955"]
[BlackElo "1963"]
[PlyCount "52"]
[EventDate "2009.09.06"]
[EventType "team-tourn"]
[EventRounds "9"]
[EventCountry "GER"]
[SourceTitle "EXT 2011"]
[Source "ChessBase"]
[SourceDate "2010.11.26"]
[SourceVersion "1"]
[SourceVersionDate "2010.11.26"]
[SourceQuality "1"]
[WhiteTeam "Linden"]
[BlackTeam "Dortmund FS 98"]
[WhiteTeamCountry "GER"]
[BlackTeamCountry "GER"]

1. d4 Nf6 2. c4 e6 3. Nc3 Bb4 4. f3 c5 5. d5 b5 6. e4 bxc4 7. Bxc4 Nxd5 8. Bxd5 exd5 9. Qxd5 Nc6 10. Bg5 Qb6 11. Nge2 Bxc3+ 12. bxc3 Ba6 13. Kf2 Qb2 14. Bd2 Qb5 15. Ng3 0-0 16. Rab1 Qc4 17. Be3 Ne5 18. Rhd1 Nd3+ 19. Kg1 Qxd5 20. exd5 Rfe8 21. Bf2 Rab8 22. Ne4 Rxb1 23. Rxb1 Rc8 24. Nd6 Rf8 25. Ne4 Rc8 26. Nd6 Rf8 1/2-1/2